Szczegóły MARC21

Gospodarka a środowisko i ekologia /

005 -DATA I CZAS OSTATNIEJ MODYFIKACJI [,]
    • @
    • pole kontrolne
    • 20070904120530.0
020 -Międzynarod. znormalizowany nr książki - ISBN [ , ]
    • a
    • Numer ISBN
    • 9788360089392 Find
040 -Instytucja sporządzająca opis [ , ]
    • a
    • Instytucja, która sporządziła opis (NP)
    • SZCZ U/ET
    • c
    • Instytucja, która sporządziła rekord (NP)
    • SZCZ U/ET
    • d
    • Instytucja, która zmodyfikowała rekord (P)
    • SZCZ U/RJ
041 -Język dokumentu [0, ]
    • a
    • Język tekstu (P)
    • polski
044 -Kraj miejsca wydania [ , ]
    • a
    • Kraj miejsca wydania
    • Polska
942 -Rodzaj dokumentu [ , ]
    • c
    • Rodzaj dokumentu
    • Książka
245 -Strefa tytułu i oznaczenia odpowiedzialności [0,0]
    • a
    • Tytuł
    • Gospodarka a środowisko i ekologia / Find
    • c
    • Pozostałe elementy strefy tytułu i oznaczenia odpowiedzialności (NP)
    • red. Krzysztof Małachowski.
260 -Strefa adresu wydawniczego [ , ]
    • a
    • Miejsce wydania (P)
    • Warszawa :
    • b
    • Nazwa wydawcy (P)
    • "CeDeWu",
    • c
    • Data wydania (P)
    • 2007.
300 -Strefa opisu fizycznego [ , ]
    • a
    • Określenie formy książki i/lub objętość (NP)
    • 240 s. :
    • b
    • Oznaczenie ilustracji (NP)
    • mapki, wykr. ;
    • c
    • Format (NP)
    • 23 cm.
500 -Uwaga ogólna [ , ]
    • a
    • Uwaga ogólna (NP)
    • Bibliogr.
080 -Uniwersalna Klasyfikacja Dziesiętna [ , ]
    • 2
    • Identyfikator wydania tablic
    • UDC-P022
    • a
    • Symbol klasyfikacji
    • 504.03
    • b
    • Dopowiedzenie
    • Społeczne i ekonomiczne aspekty działalności człowieka w zakresie ochrony środowiska (ekologia społeczna).
080 -Uniwersalna Klasyfikacja Dziesiętna [ , ]
    • 2
    • Identyfikator wydania tablic
    • UDC-P022
    • a
    • Symbol klasyfikacji
    • 504.05
    • b
    • Dopowiedzenie
    • Szkodliwe wpływy ludzkiej działalności na środowisko. Nadmierna eksploatacja zasobów naturalnych. Szkodliwe wpływy czynników fizycznych na środowisko np. wibracje, hałas. Niszczenie środowiska przez czynniki specjalne jak np.: pożary, komunikacja, działania wojenne.
080 -Uniwersalna Klasyfikacja Dziesiętna [ , ]
    • 2
    • Identyfikator wydania tablic
    • UDC-P022
    • a
    • Symbol klasyfikacji
    • 349.6
    • b
    • Dopowiedzenie
    • Prawo ochrony środowiska.
980 -Symbol UKD [ , ]
    • a
    • UKD
    • 504.03:504.05:349.6
700 -Hasło dodatkowe - nazwa osobowa [1, ]
    • a
    • Nazwa osobowa (NP)
    • Małachowski, Krzysztof. Find
    • e
    • Określenie rodzaju współpracy
    • Red.
    • 9
    • KHW
    • 68711
920 -ISBN [ , ]
    • a
    • ISBN
    • 978-83-60089-39-2 Find
Data inwentaryzacji Sygnatura Lokalizacja Status udost. Numer inwentarzowy
2011-05-13 BG1Z.115421
2016-05-23502/504GW-3GW.7884
2007-07-27 T-2TM.4714
2007-07-27 T-3TM.4715
2007-07-27 T-3TM.4716
2007-07-27 T-3TM.4717
2007-07-27 T-3TM.4718
2007-08-28 T-3TM.4837
2007-08-28 T-3TM.4838
2007-08-30T.9592T-2T.9592
2007-08-30 T-3TM.4908
2007-08-30 T-3TM.4909
2007-08-30 T-3TM.4910
2007-08-30 T-3TM.4911
2007-09-05 T-3TM.4932
2013-11-19 T-3TM.9468
2013-11-19 T-3TM.9469
2014-12-04TM.11894T-3TM.11894
2007-08-28 T-6TM.4836